000 00354nam a22001457a 4500
003 MPLRDC
005 20220104144225.0
008 210129b ||||| |||| 00| 0 eng d
082 _a229.1 SXY c.2
100 _a释星云
245 _a释迦牟尼佛传
_c
300 _b
650 _a佛教传记--释迦牟尼; 佛传
942 _cBK
_o229.1 SXY c.2
999 _c47575
_d47565